Treatise on building construction / (Record no. 2464)
[ view plain ]
| 000 -LEADER | |
|---|---|
| fixed length control field | 00485cam a2200193ua 4500 |
| 003 - CONTROL NUMBER IDENTIFIER | |
| control field | OSt |
| 008 - FIXED-LENGTH DATA ELEMENTS--GENERAL INFORMATION | |
| fixed length control field | 260124b |||||||| |||| 00| 0 eng d |
| 041 ## - LANGUAGE CODE | |
| Language code of text/sound track or separate title | eng |
| 082 ## - DEWEY DECIMAL CLASSIFICATION NUMBER | |
| Classification number | 690 |
| Item number | DES/TR |
| 100 ## - MAIN ENTRY--AUTHOR NAME | |
| Personal name | Deshpande, R.S . |
| 245 ## - TITLE STATEMENT | |
| Title | Treatise on building construction / |
| 250 ## - EDITION STATEMENT | |
| Edition statement | 10 / |
| 260 ## - PUBLICATION, DISTRIBUTION, ETC. (IMPRINT) | |
| Place of publication | Poona : |
| Name of publisher | United book corporation , |
| Year of publication | 1964. |
| 300 ## - PHYSICAL DESCRIPTION | |
| Number of Pages | 397 ; . |
| 700 1# - ADDED ENTRY--PERSONAL NAME | |
| Personal name | Vaetak, G V . |
| 700 1# - ADDED ENTRY--PERSONAL NAME | |
| Personal name | Vartak, G.V . |
| 942 ## - ADDED ENTRY ELEMENTS (KOHA) | |
| Koha item type | Books |
| Withdrawn status | Lost status | Damaged status | Home library | Current library | Date acquired | Full call number | Accession Number | Koha item type |
|---|---|---|---|---|---|---|---|---|
| KAUAET | KAUAET | 07/04/2012 | 690 | 3016 | Books | |||
| KAUAET | KAUAET | 07/04/2012 | 690 DES/TR | 8135 | Books | |||
| Withdrawn | KAUAET | KAUAET | 23/08/2018 | 690 DES/TR | 8133 | Books | ||
| Withdrawn | KAUAET | KAUAET | 03/02/2021 | 690 DES/TR | 8132 | Books | ||
| Withdrawn | KAUAET | KAUAET | 03/02/2021 | 690 DES/TR | 8134 | Books |
